|
|
|
|
| LEADER |
02348nam a2200613 i 4500 |
| 001 |
nkc20243601192 |
| 003 |
CZ PrNK |
| 005 |
20240819091108.0 |
| 007 |
ta |
| 008 |
240415s2024 xr e 000 0 cze |
| 015 |
|
|
|a cnb003601192
|
| 020 |
|
|
|a 978-80-262-2159-3
|q (brožováno)
|
| 035 |
|
|
|a (OCoLC)1455301492
|
| 040 |
|
|
|a ABA001
|b cze
|d OLA001
|e rda
|
| 041 |
1 |
|
|a cze
|h eng
|
| 072 |
|
7 |
|a 13
|x Filozofie ducha
|2 Konspekt
|9 5
|
| 080 |
|
|
|a 159.952.4+159.923.2
|2 MRF
|
| 080 |
|
|
|a 159.9.016.1
|2 MRF
|
| 080 |
|
|
|a 27-583
|2 MRF
|
| 080 |
|
|
|a 165.24
|2 MRF
|
| 080 |
|
|
|a 27-58
|2 MRF
|
| 080 |
|
|
|a 27
|2 MRF
|
| 080 |
|
|
|a (0.062)
|2 MRF
|
| 100 |
1 |
|
|a Kernion, Anne Kertz,
|d 1958-
|7 ola20241227728
|4 aut
|
| 240 |
1 |
0 |
|a Spiritual practices for the brain.
|l Česky
|
| 245 |
1 |
0 |
|a Spiritualita pro mozek :
|b cvičení mysli, těla a duše /
|c Anne Kertz Kernion ; z anglického originálu Spiritual practices for the brain přeložila Kateřina Bodnárová
|
| 250 |
|
|
|a Vydání první
|
| 264 |
|
1 |
|a Praha :
|b Portál,
|c 2024
|
| 300 |
|
|
|a 206 stran ;
|c 21 cm
|
| 336 |
|
|
|a text
|b txt
|2 rdacontent
|
| 337 |
|
|
|a bez média
|b n
|2 rdamedia
|
| 338 |
|
|
|a svazek
|b nc
|2 rdacarrier
|
| 504 |
|
|
|a Obsahuje bibliografické odkazy
|
| 650 |
0 |
7 |
|a všímavost
|7 ph917178
|2 czenas
|
| 650 |
0 |
7 |
|a duše a tělo
|7 ph135234
|x křesťanské pojetí
|2 czenas
|
| 650 |
0 |
7 |
|a mysl a tělo
|7 ph135558
|x křesťanské pojetí
|2 czenas
|
| 650 |
0 |
7 |
|a křesťanská meditace
|7 ph115060
|2 czenas
|
| 650 |
0 |
7 |
|a meditační techniky
|7 ph135741
|2 czenas
|
| 650 |
0 |
7 |
|a křesťanská spiritualita
|7 ph138493
|2 czenas
|
| 650 |
0 |
9 |
|a mindfulness
|2 eczenas
|
| 650 |
0 |
9 |
|a soul and body
|x Christian approach
|2 eczenas
|
| 650 |
0 |
9 |
|a mind and body
|x Christian approach
|2 eczenas
|
| 650 |
0 |
9 |
|a Christian meditation
|2 eczenas
|
| 650 |
0 |
9 |
|a meditation techniques
|2 eczenas
|
| 650 |
0 |
9 |
|a Christian spirituality
|2 eczenas
|
| 655 |
|
7 |
|a populárně-naučné publikace
|7 fd131864
|2 czenas
|
| 655 |
|
9 |
|a popular works
|2 eczenas
|
| 700 |
1 |
|
|a Bodnárová, Kateřina,
|d 1975-
|7 skuk0000135
|4 trl
|
| 910 |
2 |
|
|a BOA001
|b 2-1526.459
|
| 990 |
|
|
|a BK
|
| 995 |
|
|
|a 01
|
| 991 |
|
|
|b 202406
|c NOV
|
| 996 |
6 |
|
|b 2610971973
|c 2-1526.459
|l MZK
|r Sklad / do 1 hodiny
|n 0
|p p.v.
|w 001967482
|u 000010
|a 1
|e BOA001
|j MZK50
|s P
|
| 996 |
7 |
|
|b 2610972392
|c 2-1526.459
|l Vol.výběr
|r VV 0p
|n 6
|p kup
|h 13 KER
|w 001967482
|u 000020
|a 0
|e BOA001
|j MZK50
|s A
|